| 000 | 00317cam a22001097a 4500 | ||
|---|---|---|---|
| 008 | 180718b1963 xxu||||| |||| 00| 0 eng d | ||
| 082 | _aB71103x5452 A/1961 | ||
| 100 | _aMadras. Law Department | ||
| 245 | _aMadras panchayats act, 1958 (Madras act no. 27 of 1961) | ||
| 260 |
_aMadras _bThe author _c1963 |
||
| 300 | _a12p. | ||
| 999 |
_c488542 _d488542 |
||